Inheriting Our Mothers Gardens (Record no. 9667)

MARC details
000 -LEADER
fixed length control field 00668nam a2200241 a 4500
020 ## - INTERNATIONAL STANDARD BOOK NUMBER
ISBN 066419X
082 00 - DEWEY DECIMAL CLASSIFICATION NUMBER
Classification number 230.082
Author Cutter RUS
100 ## - MAIN ENTRY--AUTHOR NAME
Author name Russel, Letty M
245 ## - TITLE STATEMENT
Title Inheriting Our Mothers Gardens
Sub title Feminist Theology in Third World Perspectiv
260 ## - PUBLICATION, DISTRIBUTION, ETC. (IMPRINT)
Place of publication Louisville
Name of publisher Westminister Press
Year of publication 1988
300 ## - PHYSICAL DESCRIPTION
Number of Pages 181p
500 ## - GENERAL NOTE
General note includes index and biblioraphy
505 2# - FORMATTED CONTENTS NOTE
Formatted contents note Annotated bibliography
650 ## - SUBJECT ADDED ENTRY--TOPICAL TERM
Topical Term Women-Christian Theology
942 ## - ADDED ENTRY ELEMENTS (KOHA)
Koha item type Books
700 1# -
-- Russel, Letty M
Holdings
Collection code Home library Current library Date acquired Cost, normal purchase price Full call number Accession Number Koha item type
  Henry Martyn Institute Library Henry Martyn Institute Library 06/13/2007 874.00 230.082 RUS 019881 Books
                   Copyright © 2026 | Henry Martyn Institute | Hyderabad | TS-500052 | INDIA | Implemented by hmi.edu.in
Hit-Count:

Powered by Koha